00582nam a2200169Ia 4500003000900000008004100009040001600050080001900066100001900085245012100104260003000225300001600255490006900271650002800340650002500368650001900393IN-BaIIA211028s9999 xx 000 0 eng d cIIA Library a517.927bSTA-1 aStakgold, Ivar 0aBoundary value problems of mathematical physicsbvol. IcIvar Stakgold  aNew YorkbMacmillanc1967 aviii, 340p. aMacmillan series in advanced mathematics and theoretical physics aBoundary Value Problems aMathematical Physics aNASA Thesaurus